[Event "Michigan Senior Reserve"]
[Site "Flint"]
[Date "2004.06.12"]
[Round "2"]
[White "Wingett, Tony"]
[Black "Farrell, Ben"]
[Result "1-0"]
[WhiteElo "1255"]
[BlackElo "1004"]
[PlyCount "111"]
[EventDate "2004.06.12"]
[EventType "swiss"]
[EventRounds "4"]
[EventCountry "USA"]
[SourceTitle "EXT 2008"]
[Source "ChessBase"]
[SourceDate "2007.11.25"]
[SourceVersion "1"]
[SourceVersionDate "2007.11.25"]
[SourceQuality "1"]

1. d4 e6 2. c4 c5 3. Nf3 Nf6 4. Qa4 Nc6 5. e3 d6 6. Bd2 Bd7 7. Qc2 Be7 8. Nc3 cxd4 9. exd4 d5 10. Bd3 Nb4 11. Qb1 Nxd3+ 12. Qxd3 dxc4 13. Qxc4 0-0 14. 0-0 Bc6 15. Ne5 Rc8 16. Nxc6 Rxc6 17. Qa4 Qb6 18. Rab1 Nd5 19. a3 Rfc8 20. Rfe1 Bf6 21. Nxd5 exd5 22. Bc3 h6 23. Qb4 Qxb4 24. axb4 Rc4 25. Rbd1 b6 26. Re3 Ra8 27. f4 a5 28. b3 axb4 29. bxc4 bxc3 30. Rxc3 dxc4 31. Rxc4 b5 32. Rc5 b4 33. Rb5 Be7 34. d5 Rd8 35. f5 f6 36. Kf2 Kf7 37. Kf3 g5 38. Rb7 Kf8 39. h4 gxh4 40. Kg4 b3 41. Rxb3 Kg8 42. Rb7 Bf8 43. Kxh4 Ra8 44. d6 Ra4+ 45. g4 h5 46. Kxh5 Ra3 47. Kg6 Rh3 48. g5 fxg5 49. Kxg5 Bh6+ 50. Kg4 Re3 51. d7 Re4+ 52. Kh5 Bg7 53. d8Q+ Kh7 54. Kg5 Re2 55. Rh1+ Rh2 56. Rxh2# 1-0